Catálogo

Introducción a la lingüística transformacional : (Registro nro. 66424)

Detalles MARC
000 -LEADER
fixed length control field 01011cam a2200289 i 4500
001 - CONTROL NUMBER
control field 66424
003 - CONTROL NUMBER IDENTIFIER
control field Mx-PuUPA
005 - DATE AND TIME OF LATEST TRANSACTION
control field 20200924123641.0
008 - FIXED-LENGTH DATA ELEMENTS--GENERAL INFORMATION
fixed length control field 161021s1989 mx r 000 0 spa d
020 ## - INTERNATIONAL STANDARD BOOK NUMBER
International Standard Book Number 9682315417
040 ## - CATALOGING SOURCE
Original cataloging agency Mx-PuUPA
Language of cataloging spa
Transcribing agency Mx-PuUPA
Modifying agency Mx-PuUPA
Description conventions rda
041 0# - LANGUAGE CODE
Language code of text/sound track or separate title spa
100 1# - MAIN ENTRY--PERSONAL NAME
Personal name Otero, Carlos Peregrín,
Dates associated with a name 1930-
Relator term autor
9 (RLIN) 2939
245 10 - TITLE STATEMENT
Title Introducción a la lingüística transformacional :
Remainder of title (restrospectiva de una confluencia) /
Statement of responsibility, etc. por Carlos-Peregrín Otero.
250 ## - EDITION STATEMENT
Edition statement Sexta edición corregida
264 #1 - PRODUCTION, PUBLICATION, DISTRIBUTION, MANUFACTURE, AND COPYRIGHT NOTICE
Place of production, publication, distribution, manufacture México, D. F. :
Name of producer, publisher, distributor, manufacturer Siglo Veintiuno Editores,
Date of production, publication, distribution, manufacture, or copyright notice 1989
300 ## - PHYSICAL DESCRIPTION
Extent xxxvi, 300 páginas ;
Dimensions 21 cm.
336 ## - CONTENT TYPE
Content type term texto
Fuente rdacontent
Content type code txt
337 ## - MEDIA TYPE
Media type term sin medio
Source rdamedia
Media type code n
338 ## - CARRIER TYPE
Carrier type term volumen
Source rdacarrier
Carrier type code nc
650 #4 - SUBJECT ADDED ENTRY--TOPICAL TERM
Topical term or geographic name entry element Lingüistica estructural
650 #4 - SUBJECT ADDED ENTRY--TOPICAL TERM
Topical term or geographic name entry element Gramática generativa
General subdivision Historia
650 #4 - SUBJECT ADDED ENTRY--TOPICAL TERM
Topical term or geographic name entry element Lingüística matemática
650 #4 - SUBJECT ADDED ENTRY--TOPICAL TERM
Topical term or geographic name entry element Lenguaje y lenguas
General subdivision Filosofía
942 ## - ADDED ENTRY ELEMENTS (KOHA)
Source of classification or shelving scheme Dewey Decimal Classification
Koha item type Libro
Classification part 412
Item part O873
Existencias
Withdrawn status Lost status Source of classification or shelving scheme Damaged status Not for loan Collection code Home library Current library Shelving location Date acquired Source of acquisition Total Checkouts Full call number Barcode Date last seen Date last checked out Price effective from Koha item type
    Dewey Decimal Classification     General Biblioteca Karol Wojtyla Biblioteca Karol Wojtyla Sala general 21/10/2016 Compra 1 412 O873 1989 96639 05/01/2026 04/12/2018 10/11/2016 Libro